| 000 | 00650nam a2200217Ii 4500 | ||
|---|---|---|---|
| 003 | JO-AjNU | ||
| 008 | 230606s9999||||xx |||||||||||||| ||und|| | ||
| 020 | _a0-07-707441-6 | ||
| 040 |
_aJO-AjNU _beng _erda _cJO-AjNU |
||
| 041 | _aeng | ||
| 050 | 1 | 4 | _aHG4026.D378 1992 |
| 100 | 3 |
_aDavies,David B, _eauthor _93389 |
|
| 245 | 0 | 4 | _aThe Art of Managing Finance |
| 250 | _a2 ed | ||
| 264 | 3 | 1 | _aLondon: Mc Graw Hill Book,1992 |
| 300 |
_a199p _bIncludes glossary and Bibliography indexes(p181-199) |
||
| 336 |
_atext _btxt _2rdacontent |
||
| 337 |
_aunmediated _bn _2rdamedia |
||
| 338 |
_avolume _bnc _2rdacarrier |
||
| 650 | 4 |
_aManaging Finance _93390 |
|
| 999 |
_aE1770 _c1770 _d1770 |
||